000 00805nam a22002417a 4500
001 27656
003 UA-OsUOA
005 20210916113815.0
007 ta
008 20040909b un ||||| |||| 00| 0 ukr d
040 _aUA-OsUOA
_brus
_cUA-OsUOA
_dUA-OsUOA
041 _arus
044 _aRU
080 _a78(091)
090 _a78(091)
_bР67
100 _aРоллан Р.
245 _aМузыкально-историческое наследие
_bв 8-ми вып.
_cР. Роллан ; пер. с франц. Ю. Вейсберг, Е. Кунина, И. Кунин
_nВып. 4
_pМузыканты наших дней: Стендаль и музыка
260 _aМосква
_bМузыка
_c1989
300 _a256 с.
_bІлюстрації
650 7 _2UDC
942 _cBK
_2udc
955 _a0
999 _c314006
_d314006